| 000 | 00460nam a22001697a 4500 | ||
|---|---|---|---|
| 999 |
_c20740 _d20740 |
||
| 003 | BDDh-ASL | ||
| 005 | 20231015025929.0 | ||
| 008 | 210113s1960 ua ||||| |||| 00| 0 eng d | ||
| 040 | _cBDDh-ASL | ||
| 082 |
_a297.1 _bOTC |
||
| 100 | 1 |
_92742 _aOthman, Ali Issa |
|
| 245 | 1 | 4 | _aThe Concept of Man in Islam / |
| 260 |
_aCairo: _bDar al-Maaref Printing and Publishing House, _c1960. |
||
| 300 |
_a213 p.: _c25 cm. |
||
| 650 | 0 |
_91652 _aIslam |
|
| 942 |
_2ddc _cBK |
||